Central Library OPAC University of Rajshahi

জিজ্ঞাসা / (Record no. 44788)

MARC details
000 -LEADER
fixed length control field 00807nam a2200241 a 4500
001 - CONTROL NUMBER
control field 44788
003 - CONTROL NUMBER IDENTIFIER
rucl marc code BD-RjUL
005 - DATE AND TIME OF LATEST TRANSACTION
control field 20211209053922.0
008 - FIXED-LENGTH DATA ELEMENTS--GENERAL INFORMATION
fixed length control field 160720s1967 bg ||||| |||| 00| 0 bg d
020 ## - INTERNATIONAL STANDARD BOOK NUMBER
Terms of availability : TK 10.00
035 ## - SYSTEM CONTROL NUMBER
System control number (BD-RjUL) 44906
040 ## - CATALOGING SOURCE
Original cataloging agency BD-RjUL
Language of cataloging ben
Transcribing agency BD-RjUL
041 ## - LANGUAGE CODE
Language code of text/sound track or separate title ben
082 ## - DEWEY DECIMAL CLASSIFICATION NUMBER
Edition number 23
Classification number 297
Author mark and year RAJ 1967
100 ## - MAIN ENTRY--PERSONAL NAME
Personal name রহমান, বযলুর
9 (RLIN) 137295
245 ## - TITLE STATEMENT
Title জিজ্ঞাসা /
Statement of responsibility, etc. বযলুর রহমান
250 ## - EDITION STATEMENT
Edition statement ১ম সং.
260 ## - PUBLICATION, DISTRIBUTION, ETC. (IMPRINT)
Place of publication, distribution, etc. ঢাকা :
Name of publisher, distributor, etc. হক্কোননূর দরবার শরীফ,
Date of publication, distribution, etc. ১৯৬৭ [১৩৭৪]
300 ## - PHYSICAL DESCRIPTION
Pagination [২৪], ৩০০ পৃ. :
Illustrations চিত্র ;
Size ২১ সেমি.
650 ## - SUBJECT ADDED ENTRY--TOPICAL TERM
Topical term or geographic name as entry element ইসলাম
9 (RLIN) 137296
Topical term or geographic name as entry element Islam
9 (RLIN) 137297
942 ## - ADDED ENTRY ELEMENTS (KOHA)
Source of classification or shelving scheme Dewey Decimal Classification
Koha item type Books
Holdings
Lost status Source of classification or shelving scheme Damaged status Not for loan Collection code Permanent Location Current Location Shelving location Date acquired Source of acquisition Cost, normal purchase price Total Checkouts Full call number Date last seen Date checked out Copy number Koha item type
  Dewey Decimal Classification     Non-fiction Central Library, University of Rajshahi Central Library, University of Rajshahi   09/07/1968 Nawroge 10.00 1 B 297 RAJ 1967 08/07/2019 26/06/2019 C-2 Books
  Dewey Decimal Classification     Non-fiction Central Library, University of Rajshahi Central Library, University of Rajshahi   22/07/1968 Nawroge kitabstan, Dhaka 10.00   B 297 RAJ 1967 22/11/2016   C-3 Books